Statistics for Maps - Maroon 5 - All Lyrics

Click here to take the quiz!

General Stats

  • This quiz has been taken 119 times
  • The average score is 383 of 442

Answer Stats

Answer% Correct
I
99%
the
99%
The
99%
you,
99%
you?
99%
you
99%
there
96%
to
96%
a
94%
for
94%
in
94%
map
94%
Ah-ah, mmh
93%
darkest
93%
do
93%
was
93%
Yeah-eh-eh
93%
that
91%
we
91%
We
91%
leads
90%
times
90%
where
90%
your
90%
my
89%
knees
88%
wonder,
88%
were
87%
But
85%
can
85%
Following,
84%
following
84%
following,
84%
night
84%
So
84%
When
84%
all
83%
back
83%
oh
83%
Oh,
83%
Oh-oh-oh,
83%
oh-oh-oh
83%
on
83%
had
82%
I'm
82%
No,
82%
nothing
82%
And
80%
said
80%
miss
76%
at
74%
conversation
74%
down
74%
it
73%
me
73%
of
73%
worst,
72%
better
68%
can't
68%
life
67%
place
67%
why
67%
road,
66%
took
66%
baby,
65%
did
65%
run
65%
taste
65%
think
65%
away?
63%
drew
63%
sleep
63%
stations
63%
hear
62%
get
60%
like
60%
over
60%
sweeter
60%
tonight
60%
Ain't
59%
roads
59%
song
59%
searching
57%
temptation
57%
changing
56%
just
56%
resist
56%
come
55%
voice
55%
came
54%
'Cause
54%
fall
52%
Hard
52%
now
51%
strange
38%
has
37%
something
35%

Score Distribution

Percentile by Number Answered

Percent of People with Each Score

Your Score History

You have not taken this quiz